<?xml version="1.0" encoding="UTF-8"?>
<collection xmlns="http://www.loc.gov/MARC21/slim">
 <record>
  <leader>01912nam a2200181Ia 4500</leader>
  <controlfield tag="001">CTU_121949</controlfield>
  <controlfield tag="008">210402s9999    xx            000 0 und d</controlfield>
  <datafield tag="020" ind1=" " ind2=" ">
   <subfield code="c">275000</subfield>
  </datafield>
  <datafield tag="082" ind1=" " ind2=" ">
   <subfield code="a">352.439</subfield>
  </datafield>
  <datafield tag="082" ind1=" " ind2=" ">
   <subfield code="b">H103</subfield>
  </datafield>
  <datafield tag="245" ind1=" " ind2="0">
   <subfield code="a">Hướng dẫn mới nhất về công tác kiểm toán, kế toán quản lý tài chính trong các doanh nghiệp cơ quan, đơn vị và quản lý chứng khoán thị trường chứng khoán khi Việt Nam gia nhập WTO</subfield>
  </datafield>
  <datafield tag="260" ind1=" " ind2=" ">
   <subfield code="a">Hà Nội</subfield>
  </datafield>
  <datafield tag="260" ind1=" " ind2=" ">
   <subfield code="b">Lao động - Xã hội</subfield>
  </datafield>
  <datafield tag="260" ind1=" " ind2=" ">
   <subfield code="c">2007</subfield>
  </datafield>
  <datafield tag="520" ind1=" " ind2=" ">
   <subfield code="a">Nội dung tài liệu hướng dẫn về công tác kế toán - kiểm toán trong các cơ quan đơn vị sự nghiệp, hướng dẫn chế độ kiểm toán đối với đơn vị sự nghiệp công lập thực hiện quyền tự chủ tự chịu trách nhiệm về thực hiện nhiệm vụ, tổ chức bộ máy, biên chế tài chính, quy chế hoạt động thanh tra, kiểm tra tài chính. Những quy định mới ban hành về công tác quản lý tài chính trong các cơ quan, đơn vị, doanh nghiệp, hướng dẫn quản lý vốn bổ sung có mục tiêu từ ngân sách TW cho ngân sách địa phương, quy định về giao dịch điện tử trong hoạt động tài chính, hướng dẫn quản lý tài sản nhà nước trong đơn vị sự nghiệp công lập. Ngoài ra, nội dung con trình bày những quy định mới nhất về quản lý chứng khoán và thị trường chứng khoán khi Việt Nam gia nhập WTO.</subfield>
  </datafield>
  <datafield tag="650" ind1=" " ind2=" ">
   <subfield code="a">Management audit,Managerial accounting</subfield>
  </datafield>
  <datafield tag="904" ind1=" " ind2=" ">
   <subfield code="i">Duy Bằng</subfield>
  </datafield>
  <datafield tag="980" ind1=" " ind2=" ">
   <subfield code="a">Trung tâm Học liệu Trường Đại học Cần Thơ</subfield>
  </datafield>
 </record>
</collection>
